[Event "9th Sharjah Cup Women 2018"]
[Site "Sharjah"]
[Date "2018.12.19"]
[Round "8"]
[White "Bauyrzhan, Arnash"]
[Black "Drljevic, Ljilja"]
[Result "1-0"]
[WhiteElo "1978"]
[BlackElo "2208"]
[Annotator "NA"]
[PlyCount "149"]
[EventDate "2018.12.14"]
[EventType "swiss"]
[EventCountry "UAE"]
[SourceTitle "playchess.com"]
[Source "ChessBase"]
[SourceQuality "1"]
[TimeControl "5400+30"]

1. e4 {[%emt 0:00:00]} g6 {[%emt 0:00:00]} 2. d4 {[%emt 0:00:00]} Bg7 {[%emt 0:00:00]} 3. Nf3 {[%emt 0:00:28]} d6 {[%emt 0:00:00]} 4. Bd3 {[%emt 0:00:27]} c6 {[%emt 0:00:37]} 5. O-O {[%emt 0:01:27]} e5 {[%emt 0:00:29] B06: Modern Defence} (5... Nf6 6. c3 O-O 7. Re1 Qc7 8. e5 Nd5 9. Nbd2 Nd7 10. exd6 exd6 11. Ne4 h6 12. Bd2 Kh7 13. Qc2 a5 14. Ng3 N7f6 15. h4 {0-1 (97) Froewis,G (2451)-Gazik,V (2497) Vienna 2018}) 6. c3 {[%emt 0:04:02]} Ne7 {[%emt 0:01:44]} 7. Nbd2 {[%emt 0:05:51]} O-O {[%emt 0:01:03]} 8. a4 {[%emt 0:02:50]} h6 {[%emt 0:01:55]} 9. dxe5 {[%emt 0:02:15]} dxe5 {[%emt 0:00:03]} 10. Nc4 {[%emt 0:00:24]} Qc7 {[%emt 0:00:59]} 11. a5 {[%emt 0:02:04]} Be6 {[%emt 0:02:51] [#]} (11... Na6 $16 {is a better defense.}) 12. Nb6 $1 $146 {[%emt 0:03:04]} Nd7 {[%emt 0:02:23]} 13. Nxa8 {[%emt 0:00:11]} Rxa8 {[%emt 0:00:02]} 14. Be3 {[%emt 0:00:55]} f5 {[%emt 0:00:53]} 15. Qe2 {[%emt 0:03:56]} f4 {[%emt 0:11:05]} (15... fxe4 {was worth a try.} 16. Bxe4 Nf6) 16. Bc4 {[%emt 0:00:36]} Bxc4 {[%emt 0:04:41]} 17. Qxc4+ {[%emt 0:00:07]} Kh7 {[%emt 0:01:57]} 18. Bc5 {[%emt 0:01:17]} Nxc5 {[%emt 0:12:45]} 19. Qxc5 {[%emt 0:00:07]} g5 {[%emt 0:07:06]} 20. h3 {[%emt 0:02:04]} Ng6 {[%emt 0:02:53]} 21. Rfd1 {[%emt 0:01:10]} Bf8 {[%emt 0:02:45]} 22. Qc4 {[%emt 0:00:12]} Re8 {[%emt 0:04:25]} 23. Rd2 {[%emt 0:02:27]} Bg7 {[%emt 0:06:01]} 24. b4 {[%emt 0:00:36]} a6 {[%emt 0:00:29]} 25. Rad1 {[%emt 0:00:15]} Nf8 {[%emt 0:00:27]} 26. Qc5 {[%emt 0:03:22]} Bf6 {[%emt 0:06:46]} 27. Rd6 {[%emt 0:08:56]} Qg7 $18 {[%emt 0:03:02]} 28. R6d2 {[%emt 0:11:52]} h5 {[%emt 0:01:06]} 29. Nh2 {[%emt 0:03:57]} Re7 {[%emt 0:05:56]} 30. Qc4 {[%emt 0:02:57]} Ng6 {[%emt 0:02:39]} 31. Qe2 {[%emt 0:00:34]} Kh6 {[%emt 0:10:30]} 32. Rd6 {[%emt 0:01:46]} Rf7 {[%emt 0:00:41]} 33. R1d3 {[%emt 0:04:07]} Qf8 {[%emt 0:02:39]} 34. Rd7 {[%emt 0:02:30]} Qe8 {[%emt 0:03:00]} 35. Qd1 {[%emt 0:00:51]} Nf8 {[%emt 0:01:52]} 36. Rxf7 {[%emt 0:00:27]} Qxf7 {[%emt 0:00:01]} 37. Rd6 {[%emt 0:01:05]} Kg6 {[%emt 0:00:37]} 38. Qc2 {[%emt 0:10:53]} Qc4 {[%emt 0:01:23]} 39. Nf3 {[%emt 0:00:21]} Kg7 {[%emt 0:00:25]} 40. Nd2 {[%emt 0:02:29]} Qf7 {[%emt 0:00:22]} 41. Qb3 {[%emt 0:01:37]} Qe7 {[%emt 0:00:07]} 42. Rd3 {[%emt 0:01:00]} g4 {[%emt 0:01:01]} 43. hxg4 {[%emt 0:01:16]} hxg4 {[%emt 0:00:02]} 44. Qd1 {[%emt 0:00:36]} Qe6 {[%emt 0:00:31]} 45. Nf1 {[%emt 0:00:38]} Bh4 {[%emt 0:01:11]} 46. Rd6 {[%emt 0:00:37]} Qc8 {[%emt 0:00:10]} 47. Nh2 {[%emt 0:02:20]} f3 {[%emt 0:01:02]} 48. gxf3 {[%emt 0:00:52]} g3 {[%emt 0:00:02]} 49. fxg3 {[%emt 0:00:32]} Bxg3 {[%emt 0:00:07]} 50. Ng4 {[%emt 0:00:57]} c5 {[%emt 0:01:35]} 51. Qd2 {[%emt 0:01:51]} Bf4 {[%emt 0:00:30]} 52. Qg2 {[%emt 0:00:08]} Kf7 {[%emt 0:00:26]} 53. Qa2+ {[%emt 0:05:20]} Ke7 {[%emt 0:00:41]} 54. Rf6 {[%emt 0:04:00]} Ne6 {[%emt 0:00:13]} 55. Qc4 {[%emt 0:01:00]} Qc6 {[%emt 0:00:45]} 56. Qd5 {[%emt 0:00:26]} cxb4 {[%emt 0:00:30]} 57. Qxc6 {[%emt 0:00:24]} bxc6 {[%emt 0:00:02]} 58. cxb4 {[%emt 0:00:05]} Bd2 {[%emt 0:00:55]} 59. Rf5 {[%emt 0:00:19]} Bxb4 {[%emt 0:00:35]} 60. Nxe5 {[%emt 0:00:42]} Nd4 {[%emt 0:00:21]} 61. Rh5 {[%emt 0:00:32]} Ke6 {[%emt 0:00:38]} 62. Kf2 {[%emt 0:01:25]} Bd2 {[%emt 0:00:30]} 63. Nd3 {[%emt 0:00:30]} Nc2 {[%emt 0:00:31]} 64. f4 {[%emt 0:00:31]} Kd6 {[%emt 0:00:31]} 65. Ke2 {[%emt 0:00:46]} Bc3 {[%emt 0:00:24]} 66. Rc5 {[%emt 0:00:39]} Nd4+ {[%emt 0:00:13]} 67. Ke3 {[%emt 0:00:12]} Ba1 {[%emt 0:00:14]} 68. e5+ {[%emt 0:00:12]} Kc7 {[%emt 0:00:58]} 69. Nb4 {[%emt 0:00:35]} Kb7 {[%emt 0:00:38]} 70. Ke4 {[%emt 0:00:23]} Bb2 {[%emt 0:00:31]} 71. f5 {[%emt 0:00:26]} Nb5 {[%emt 0:00:32]} 72. Rxc6 {[%emt 0:00:29]} Bc3 {[%emt 0:00:29]} 73. Rxa6 {[%emt 0:00:25]} Nd4 {[%emt 0:00:29]} 74. Rb6+ {[%emt 0:00:07]} Ka7 {[%emt 0:00:31]} 75. Nc6+ {[%emt 0:00:09]} 1-0

[Event "9th Sharjah Cup Women 2018"]
[Site "Sharjah"]
[Date "2018.12.19"]
[Round "8"]
[White "Greibrokk, Ingrid"]
[Black "Mohammed, Ghalia"]
[Result "1-0"]
[WhiteElo "1857"]
[BlackElo "1201"]
[Annotator "NA"]
[PlyCount "45"]
[EventDate "2018.12.14"]
[EventType "swiss"]
[EventCountry "UAE"]
[SourceTitle "playchess.com"]
[Source "ChessBase"]
[SourceQuality "1"]
[TimeControl "5400+30"]

1. e4 {[%emt 0:00:00]} e5 {[%emt 0:00:00]} 2. Nf3 {[%emt 0:00:00]} Nc6 {[%emt 0:00:00]} 3. Bb5 {[%emt 0:00:00]} a6 {[%emt 0:00:00]} 4. Ba4 {[%emt 0:00:00]} Nf6 {[%emt 0:00:00]} 5. O-O {[%emt 0:00:00]} b5 {[%emt 0:00:07]} 6. Bb3 {[%emt 0:00:00]} Bc5 {[%emt 0:00:13]} 7. Re1 {[%emt 0:00:11]} O-O {[%emt 0:00:13]} 8. c3 {[%emt 0:00:08]} Ng4 {[%emt 0:01:26]} 9. Re2 {[%emt 0:00:56]} d6 {[%emt 0:02:20]} 10. h3 {[%emt 0:00:19]} Nf6 {[%emt 0:00:09]} 11. d4 {[%emt 0:00:34]} exd4 {[%emt 0:03:32]} 12. cxd4 {[%emt 0:00:09]} Bb6 {[%emt 0:00:05]} 13. Bg5 {[%emt 0:00:10]} Re8 {[%emt 0:01:40]} 14. Nc3 {[%emt 0:00:26]} Qd7 {[%emt 0:01:58]} 15. Bxf6 {[%emt 0:01:39]} gxf6 {[%emt 0:00:30]} 16. Nd5 {[%emt 0:00:07]} Qd8 {[%emt 0:00:55]} 17. Nxb6 {[%emt 0:00:15]} cxb6 {[%emt 0:00:12]} 18. Bd5 {[%emt 0:00:06]} Bb7 {[%emt 0:00:30]} 19. Nh4 {[%emt 0:01:13]} Rc8 {[%emt 0:02:45]} 20. Nf5 {[%emt 0:01:13]} Rf8 {[%emt 0:00:28]} 21. Re3 {[%emt 0:01:01]} Rc7 {[%emt 0:01:10]} 22. Qg4+ {[%emt 0:00:13]} Kh8 {[%emt 0:00:16]} 23. Qg7# 1-0

[Event "9th Sharjah Cup Women 2018"]
[Site "Sharjah"]
[Date "2018.12.19"]
[Round "8"]
[White "Khalil, Reem"]
[Black "Mezioud, Amina"]
[Result "0-1"]
[WhiteElo "1297"]
[BlackElo "2065"]
[Annotator "NA"]
[PlyCount "86"]
[EventDate "2018.12.14"]
[EventType "swiss"]
[EventCountry "UAE"]
[SourceTitle "playchess.com"]
[Source "ChessBase"]
[SourceQuality "1"]
[TimeControl "5400+30"]

1. e4 {[%emt 0:02:08]} e5 {[%emt 0:00:15]} 2. Nc3 {[%emt 0:03:08]} Bc5 {[%emt 0:00:30]} 3. g3 {[%emt 0:06:56]} Nf6 {[%emt 0:00:13]} 4. Bg2 {[%emt 0:00:34]} d6 {[%emt 0:00:13]} 5. Nge2 {[%emt 0:00:34]} Nc6 {[%emt 0:03:10]} 6. Na4 {[%emt 0:00:48]} Bb6 {[%emt 0:05:57]} 7. Nxb6 {[%emt 0:02:00]} axb6 {[%emt 0:00:02]} 8. c3 {[%emt 0:00:49]} O-O {[%emt 0:00:07]} 9. O-O {[%emt 0:00:05]} Re8 {[%emt 0:01:21]} 10. d3 {[%emt 0:01:55]} h6 {[%emt 0:02:32]} 11. h3 {[%emt 0:00:36]} Be6 {[%emt 0:00:52]} 12. a4 {[%emt 0:01:53]} Na5 {[%emt 0:02:54]} 13. Be3 {[%emt 0:00:30]} Qd7 {[%emt 0:11:30]} 14. Kh2 {[%emt 0:03:24]} Bb3 {[%emt 0:05:28]} 15. Qe1 {[%emt 0:10:29]} Bxa4 {[%emt 0:01:12]} 16. f4 {[%emt 0:02:31]} Nb3 {[%emt 0:05:42]} 17. Ra3 $11 {[%emt 0:17:22]} Nc5 {[%emt 0:01:20]} 18. Qd2 {[%emt 0:00:48]} Bc6 {[%emt 0:04:36]} 19. Rxa8 {[%emt 0:01:23]} Rxa8 {[%emt 0:00:02]} 20. fxe5 {[%emt 0:01:12]} dxe5 {[%emt 0:00:16]} 21. Bxh6 {[%emt 0:04:30]} Nh7 {[%emt 0:15:31]} 22. Be3 {[%emt 0:12:16]} Qxd3 {[%emt 0:00:37]} 23. Rd1 {[%emt 0:03:18]} Qxd2 {[%emt 0:00:51]} 24. Rxd2 {[%emt 0:00:41]} Nb3 {[%emt 0:01:36]} 25. Rd1 {[%emt 0:01:54]} Nf6 {[%emt 0:00:33]} 26. Bg5 {[%emt 0:01:12]} Nd7 {[%emt 0:06:49]} 27. g4 {[%emt 0:02:52]} Ra2 {[%emt 0:01:49]} 28. Bd8 {[%emt 0:03:41]} Rxb2 {[%emt 0:02:36]} 29. Ng3 {[%emt 0:00:58]} Nbc5 {[%emt 0:01:34]} 30. Kg1 {[%emt 0:03:15]} Ne6 {[%emt 0:01:19]} 31. Nf5 {[%emt 0:02:08]} Kh7 {[%emt 0:04:42]} 32. Bh4 {[%emt 0:03:16]} Nf4 {[%emt 0:01:05]} 33. Bf1 {[%emt 0:02:46]} Nc5 {[%emt 0:00:12]} 34. Ng3 {[%emt 0:00:52]} f6 {[%emt 0:03:25]} 35. Nf5 {[%emt 0:03:20]} Nxe4 {[%emt 0:01:49]} 36. c4 {[%emt 0:01:14]} Nd2 {[%emt 0:00:50]} 37. Bg3 {[%emt 0:00:38]} Nf3+ {[%emt 0:00:55]} 38. Kh1 {[%emt 0:00:11]} Ng5+ {[%emt 0:02:12]} 39. Kg1 {[%emt 0:00:04]} Ngxh3+ {[%emt 0:00:56]} 40. Bxh3 {[%emt 0:00:02]} Nxh3+ {[%emt 0:00:07]} 41. Kf1 {[%emt 0:00:09]} Bg2+ {[%emt 0:01:18]} 42. Ke1 {[%emt 0:00:04]} Bf3 {[%emt 0:00:24]} 43. Rd7 {[%emt 0:00:29]} Rb1+ {[%emt 0:00:33]} 0-1

[Event "9th Sharjah Cup Women 2018"]
[Site "Sharjah"]
[Date "2018.12.19"]
[Round "8"]
[White "Khalil, Hanan"]
[Black "Alieva, Alexandra"]
[Result "0-1"]
[WhiteElo "1286"]
[BlackElo "2102"]
[Annotator "NA"]
[PlyCount "60"]
[EventDate "2018.12.14"]
[EventType "swiss"]
[EventCountry "UAE"]
[SourceTitle "playchess.com"]
[Source "ChessBase"]
[SourceQuality "1"]
[TimeControl "5400+30"]

1. e4 {[%emt 0:00:00]} e5 {[%emt 0:00:00]} 2. Nf3 {[%emt 0:00:00]} Nf6 {[%emt 0:00:00]} 3. Nc3 {[%emt 0:00:00]} Bb4 {[%emt 0:00:00]} 4. Bc4 {[%emt 0:04:29]} Nxe4 {[%emt 0:12:31]} 5. Nxe4 {[%emt 0:01:14]} d5 {[%emt 0:00:05]} 6. Bb3 {[%emt 0:16:04]} dxe4 {[%emt 0:00:29]} 7. Nxe5 {[%emt 0:00:32]} Qg5 {[%emt 0:03:19]} 8. Bxf7+ {[%emt 0:14:41]} Kd8 {[%emt 0:05:39]} 9. Nc4 {[%emt 0:08:20]} Qxg2 {[%emt 0:00:55]} 10. Rf1 {[%emt 0:00:01]} Bg4 {[%emt 0:00:48]} 11. Ne3 {[%emt 0:01:49]} Qxf1+ {[%emt 0:00:30]} 12. Nxf1 {[%emt 0:00:39]} Bxd1 {[%emt 0:00:07]} 13. Kxd1 {[%emt 0:00:05]} Rf8 {[%emt 0:00:05]} 14. Bd5 {[%emt 0:00:55]} Nc6 {[%emt 0:00:29]} 15. Ke1 {[%emt 0:02:21]} Kd7 $19 {[%emt 0:00:47]} 16. Ne3 {[%emt 0:00:36]} Rae8 {[%emt 0:00:26]} 17. c3 {[%emt 0:00:33]} Bc5 {[%emt 0:00:10]} 18. b4 {[%emt 0:00:25]} Bxe3 {[%emt 0:00:16]} 19. dxe3 {[%emt 0:00:03]} Rf5 {[%emt 0:00:33]} 20. Bc4 {[%emt 0:00:35]} Ne5 {[%emt 0:00:22]} 21. Bf1 {[%emt 0:01:31]} Nf3+ {[%emt 0:01:15]} 22. Ke2 {[%emt 0:01:27]} Ref8 {[%emt 0:00:54]} 23. Ba3 {[%emt 0:01:07]} Ng1+ {[%emt 0:00:28]} 24. Ke1 {[%emt 0:00:08]} Rxf2 {[%emt 0:01:27]} 25. Rd1+ {[%emt 0:00:36]} Kc8 {[%emt 0:00:12]} 26. Bc4 {[%emt 0:00:27]} Rxh2 {[%emt 0:00:40]} 27. Be6+ {[%emt 0:00:42]} Kb8 {[%emt 0:00:05]} 28. b5 {[%emt 0:00:06]} Nf3+ {[%emt 0:00:07]} 29. Kf1 {[%emt 0:00:19]} Nd2+ {[%emt 0:01:06]} 30. Kg1 {[%emt 0:00:07]} Rff2 {[%emt 0:00:24]} 0-1

[Event "9th Sharjah Cup Women 2018"]
[Site "Sharjah"]
[Date "2018.12.19"]
[Round "8"]
[White "Almaamari, Zainab Darwish"]
[Black "Nass, Sara"]
[Result "0-1"]
[WhiteElo "1235"]
[BlackElo "1840"]
[Annotator "NA"]
[PlyCount "50"]
[EventDate "2018.12.14"]
[EventType "swiss"]
[EventCountry "UAE"]
[SourceTitle "playchess.com"]
[Source "ChessBase"]
[SourceQuality "1"]
[TimeControl "5400+30"]

1. d4 {[%emt 0:01:11]} Nf6 {[%emt 0:00:00]} 2. c4 {[%emt 0:00:11]} g6 {[%emt 0:00:00]} 3. Nc3 {[%emt 0:00:16]} Bg7 {[%emt 0:00:00]} 4. e4 {[%emt 0:00:12]} d6 {[%emt 0:00:00]} 5. f4 {[%emt 0:00:10]} O-O {[%emt 0:00:19]} 6. Bd3 {[%emt 0:00:13]} c5 {[%emt 0:00:39]} 7. d5 {[%emt 0:00:33]} e6 {[%emt 0:00:19]} 8. Nge2 {[%emt 0:00:24]} Re8 {[%emt 0:04:34]} 9. h3 {[%emt 0:00:26]} exd5 {[%emt 0:05:19]} 10. cxd5 {[%emt 0:00:16]} a6 {[%emt 0:05:27]} 11. g4 {[%emt 0:00:31]} b5 {[%emt 0:00:55]} 12. Ng3 {[%emt 0:02:39]} Bb7 {[%emt 0:19:53]} 13. O-O {[%emt 0:00:33]} Nbd7 {[%emt 0:11:27]} 14. g5 {[%emt 0:00:35]} Nh5 {[%emt 0:05:25]} 15. Nxh5 {[%emt 0:00:04]} gxh5 {[%emt 0:00:04]} 16. Qxh5 {[%emt 0:00:09]} c4 {[%emt 0:01:47]} 17. Bc2 {[%emt 0:00:57]} b4 {[%emt 0:01:27]} 18. Ne2 {[%emt 0:01:49]} Nc5 {[%emt 0:05:04]} 19. Ng3 {[%emt 0:00:48]} Nd3 {[%emt 0:02:48]} 20. Nf5 {[%emt 0:00:50]} Rxe4 {[%emt 0:01:40]} 21. Nxg7 {[%emt 0:00:07]} Kxg7 {[%emt 0:00:41]} 22. Bxd3 {[%emt 0:00:37]} cxd3 {[%emt 0:00:35]} 23. Qf3 {[%emt 0:00:45]} Qb6+ {[%emt 0:00:55]} 24. Kh2 {[%emt 0:01:05]} Re2+ {[%emt 0:08:50]} 25. Kh1 {[%emt 0:00:47]} Qd4 {[%emt 0:00:42]} 0-1

[Event "9th Sharjah Cup Women 2018"]
[Site "Sharjah"]
[Date "2018.12.20"]
[Round "9"]
[White "Socko, Monika"]
[Black "Kiolbasa, Oliwia"]
[Result "1-0"]
[WhiteElo "2458"]
[BlackElo "2244"]
[Annotator "ChessBase"]
[PlyCount "115"]
[EventDate "2018.12.14"]
[EventType "swiss"]
[EventCountry "UAE"]
[SourceTitle "playchess.com"]
[Source "ChessBase"]
[SourceQuality "1"]
[TimeControl "5400+30"]

1. c4 {[%emt 0:00:00]} b6 {[%emt 0:00:00]} 2. d4 {[%emt 0:00:00]} Nf6 {[%emt 0:00:14]} 3. f3 {[%emt 0:01:15]} Nc6 {[%emt 0:00:20]} 4. d5 {[%emt 0:04:31]} Ne5 {[%emt 0:01:47]} 5. Qd4 {[%emt 0:03:39]} Ng6 {[%emt 0:01:56]} 6. e4 {[%emt 0:03:18]} e5 {[%emt 0:00:44]} 7. Qf2 {[%emt 0:06:16]} Bc5 {[%emt 0:01:35]} 8. Be3 {[%emt 0:00:13]} d6 {[%emt 0:00:43]} 9. Bxc5 {[%emt 0:03:30]} bxc5 {[%emt 0:00:19]} 10. Nc3 {[%emt 0:00:09]} Rb8 {[%emt 0:05:44]} 11. g3 {[%emt 0:02:27]} h5 {[%emt 0:02:57]} 12. h4 {[%emt 0:01:00]} O-O {[%emt 0:02:47]} 13. Bd3 {[%emt 0:01:05]} c6 {[%emt 0:07:23]} 14. Qd2 {[%emt 0:13:49]} Ba6 {[%emt 0:04:42]} 15. dxc6 {[%emt 0:07:32]} Ne7 {[%emt 0:01:38]} 16. Nge2 {[%emt 0:00:06]} Nxc6 {[%emt 0:00:31]} 17. O-O {[%emt 0:00:40]} Re8 {[%emt 0:17:54]} 18. b3 {[%emt 0:02:19]} Nd4 {[%emt 0:00:07]} 19. Rae1 {[%emt 0:04:58]} Qd7 {[%emt 0:02:02]} 20. Qg5 {[%emt 0:08:08]} Qh3 {[%emt 0:10:01]} 21. Rf2 {[%emt 0:02:06]} Ne6 {[%emt 0:08:03]} 22. Qd2 {[%emt 0:01:43]} Nd4 {[%emt 0:00:11]} 23. Nxd4 {[%emt 0:05:46]} exd4 {[%emt 0:01:11]} 24. Ne2 {[%emt 0:00:01]} Qd7 {[%emt 0:00:19]} 25. Nf4 {[%emt 0:00:29]} g6 {[%emt 0:01:05]} 26. Bf1 {[%emt 0:00:25]} Qc7 {[%emt 0:02:54]} 27. Bg2 {[%emt 0:00:37]} Kg7 {[%emt 0:02:22]} 28. Rfe2 {[%emt 0:00:32]} Re7 {[%emt 0:01:02]} 29. Nd3 {[%emt 0:01:50]} Rbe8 {[%emt 0:01:02]} 30. Qf4 {[%emt 0:02:53]} Nd7 {[%emt 0:04:16]} 31. Qg5 {[%emt 0:01:37]} Kh7 {[%emt 0:07:59]} 32. Qd2 {[%emt 0:02:03]} Kg7 {[%emt 0:01:12]} 33. f4 {[%emt 0:01:33]} Nf6 {[%emt 0:04:17]} 34. f5 {[%emt 0:00:22]} Nh7 {[%emt 0:01:16]} 35. Nf4 {[%emt 0:02:25]} Re5 {[%emt 0:00:11]} 36. Nd5 {[%emt 0:02:19]} Qd8 {[%emt 0:00:07]} 37. Rf2 {[%emt 0:00:46]} gxf5 {[%emt 0:02:08]} 38. Ref1 {[%emt 0:02:59]} Bc8 {[%emt 0:00:12]} 39. exf5 {[%emt 0:01:03]} Rg8 {[%emt 0:02:03]} 40. Kh2 {[%emt 0:01:42]} Kh8 {[%emt 0:00:57]} 41. f6 {[%emt 0:05:18]} Rg4 {[%emt 0:03:19]} 42. Bh3 {[%emt 0:01:05]} Qd7 {[%emt 0:00:37]} 43. Bxg4 {[%emt 0:00:39]} Qxg4 {[%emt 0:00:02]} 44. Qf4 {[%emt 0:00:44]} Qh3+ {[%emt 0:00:58]} 45. Kg1 {[%emt 0:00:01]} Bb7 {[%emt 0:00:23]} 46. Rh2 {[%emt 0:00:19]} Qc8 {[%emt 0:00:16]} 47. Rhf2 {[%emt 0:02:14]} Qf8 {[%emt 0:00:33]} 48. Kh2 {[%emt 0:00:47]} Bc8 {[%emt 0:00:12]} 49. b4 {[%emt 0:00:55]} Be6 {[%emt 0:01:06]} 50. bxc5 {[%emt 0:00:18]} Bxd5 {[%emt 0:00:24]} 51. cxd5 {[%emt 0:00:04]} Rxd5 {[%emt 0:00:19]} 52. c6 {[%emt 0:00:41]} Rc5 {[%emt 0:00:07]} 53. Qe4 {[%emt 0:00:54]} d5 {[%emt 0:00:17]} 54. Qxd4 {[%emt 0:00:49]} Rxc6 {[%emt 0:00:26]} 55. Rf5 {[%emt 0:00:06]} Rc2+ {[%emt 0:00:27]} 56. R1f2 {[%emt 0:00:16]} Rxf2+ {[%emt 0:00:25]} 57. Qxf2 {[%emt 0:00:27]} Qh6 {[%emt 0:00:04]} 58. Qxa7 {[%emt 0:01:13]} 1-0

[Event "9th Sharjah Cup Women 2018"]
[Site "Sharjah"]
[Date "2018.12.20"]
[Round "9"]
[White "Mkrtchian, Lilit"]
[Black "Szczepkowska, Karina"]
[Result "1/2-1/2"]
[WhiteElo "2392"]
[BlackElo "2408"]
[Annotator "ChessBase"]
[PlyCount "62"]
[EventDate "2018.12.14"]
[EventType "swiss"]
[EventCountry "UAE"]
[SourceTitle "playchess.com"]
[Source "ChessBase"]
[SourceQuality "1"]
[TimeControl "5400+30"]

1. Nf3 {[%emt 0:00:00]} Nf6 {[%emt 0:00:37]} 2. c4 {[%emt 0:00:52]} e6 {[%emt 0:01:29]} 3. g3 {[%emt 0:01:54]} d5 {[%emt 0:01:59]} 4. Bg2 {[%emt 0:01:04]} d4 {[%emt 0:05:23]} 5. O-O {[%emt 0:02:01]} c5 {[%emt 0:02:02]} 6. e3 {[%emt 0:01:47]} Nc6 {[%emt 0:01:29]} 7. exd4 {[%emt 0:00:56]} cxd4 {[%emt 0:00:09]} 8. d3 {[%emt 0:00:12]} Bd6 {[%emt 0:08:00]} 9. Bg5 {[%emt 0:04:34]} h6 {[%emt 0:02:18]} 10. Bxf6 {[%emt 0:00:18]} Qxf6 {[%emt 0:00:07]} 11. Nbd2 {[%emt 0:01:07]} Qe7 {[%emt 0:04:46]} 12. a3 {[%emt 0:05:08]} a5 {[%emt 0:00:49]} 13. Ne4 {[%emt 0:11:18]} Bc7 {[%emt 0:04:51]} 14. b4 {[%emt 0:07:03]} axb4 {[%emt 0:08:26]} 15. axb4 {[%emt 0:00:20]} Rxa1 {[%emt 0:00:07]} 16. Qxa1 {[%emt 0:00:05]} f5 {[%emt 0:05:40]} 17. Nc5 {[%emt 0:02:01]} O-O {[%emt 0:00:53]} 18. Nxd4 {[%emt 0:08:50]} Nxd4 {[%emt 0:02:06]} 19. Qxd4 {[%emt 0:01:23]} b6 {[%emt 0:03:03]} 20. Nb3 {[%emt 0:03:22]} Qxb4 {[%emt 0:00:17]} 21. Rb1 {[%emt 0:01:57]} e5 {[%emt 0:03:31]} 22. Qd5+ {[%emt 0:03:11]} Kh8 {[%emt 0:00:59]} 23. Qc6 {[%emt 0:03:07]} Qd6 {[%emt 0:02:53]} 24. Qxd6 {[%emt 0:02:21]} Bxd6 {[%emt 0:00:51]} 25. Bd5 {[%emt 0:01:50]} g5 {[%emt 0:04:32]} 26. Kf1 {[%emt 0:02:21]} Kg7 {[%emt 0:01:08]} 27. Ke2 {[%emt 0:01:29]} Kf6 {[%emt 0:00:51]} 28. Nd2 {[%emt 0:02:32]} Bc5 {[%emt 0:03:07]} 29. Nb3 {[%emt 0:01:22]} Bd6 {[%emt 0:01:50]} 30. Nd2 {[%emt 0:02:51]} Bc5 {[%emt 0:00:27]} 31. Nb3 {[%emt 0:00:21]} Bd6 {[%emt 0:00:15]} 1/2-1/2

[Event "9th Sharjah Cup Women 2018"]
[Site "Sharjah"]
[Date "2018.12.20"]
[Round "9"]
[White "Bulmaga, Irina"]
[Black "Khukhashvili, Sopiko"]
[Result "1/2-1/2"]
[WhiteElo "2391"]
[BlackElo "2338"]
[Annotator "TA"]
[PlyCount "28"]
[EventDate "2018.12.14"]
[EventType "swiss"]
[EventCountry "UAE"]
[SourceTitle "playchess.com"]
[Source "ChessBase"]
[SourceQuality "1"]

{[%evp 27,28,0,22]} 1. e4 e5 2. Nf3 Nc6 3. Bb5 a6 4. Ba4 Nf6 5. O-O Be7 6. Re1 b5 7. Bb3 d6 8. c3 O-O 9. h3 Re8 10. Ng5 $146 ({Predecessor:} 10. d4 Bb7 11. Ng5 Rf8 12. Nf3 Re8 13. Nbd2 Bf8 14. a3 h6 15. d5 Nb8 16. Nh2 Nbd7 17. Ng4 c6 18. dxc6 Bxc6 19. Qf3 Nc5 20. Ba2 Ra7 21. b4 Nxg4 22. hxg4 Na4 {1-0 (44) Mista,A (2590)-Wojtaszek,R (2750) Warsaw 2018}) 10... Rf8 11. Nf3 Re8 12. Ng5 Rf8 13. Nf3 Re8 14. Ng5 Rf8 $1 {LiveBook: 587 Games} 1/2-1/2